Goethals and the Panama canal / (Record no. 14293)

MARC details
000 -LEADER
campo de control de longitud fija 00689nam a2200217 i 4500
001 - NÚMERO DE CONTROL
campo de control 14293
003 - IDENTIFICADOR DE NÚMERO DE CONTROL
campo de control ES-MaACL
005 - FECHA Y HORA DE LA ÚLTIMA TRANSACCIÓN
campo de control 20230906150751.0
007 - CAMPO FIJO DE DESCRIPCIÓN FÍSICA--INFORMACIÓN GENERAL
campo de control de longitud fija t|
008 - DATOS DE LONGITUD FIJA--INFORMACIÓN GENERAL
campo de control de longitud fija 981204s1942 xxu ||||1| eng d
080 ## - NÚMERO DE LA CLASIFICACIÓN DECIMAL UNIVERSAL
Número de la Clasificación Decimal Universal 626.1(728.7 P.)
080 ## - NÚMERO DE LA CLASIFICACIÓN DECIMAL UNIVERSAL
Número de la Clasificación Decimal Universal 929 Goethals, George Washington
100 1# - ENTRADA PRINCIPAL--NOMBRE DE PERSONA
Nombre de persona Fast, Howard.
9 (RLIN) 48923
245 10 - MENCIÓN DEL TÍTULO
Título Goethals and the Panama canal /
Mención de responsabilidad, etc. by Howard Fast ; illustrations by Fafaello Busoni.
260 ## - PUBLICACIÓN, DISTRIBUCIÓN, ETC.
Lugar de publicación, distribución, etc. New York :
Nombre del editor, distribuidor, etc. Julian Messner,
Fecha de publicación, distribución, etc. [1942]
300 ## - DESCRIPCIÓN FÍSICA
Extensión XIII, 230 p. :
Otras características físicas il. ;
Dimensiones 24 cm.
600 14 - PUNTO DE ACCESO ADICIONAL DE MATERIA--NOMBRE DE PERSONA
Nombre de persona Goethals, George Washington.
9 (RLIN) 57567
651 #4 - PUNTO DE ACCESO ADICIONAL DE MATERIA--NOMBRE GEOGRÁFICO
Nombre geográfico Canal de Panamá.
9 (RLIN) 7941
700 1# - ENTRADA AGREGADA--NOMBRE PERSONAL
Nombre de persona Busoni, Rafaello.
9 (RLIN) 32829
852 ## - LOCALIZACIÓN
Ubicación ES-MaACL
Número de control de estantería L-21513
Sublocalización o colección R.119515
Holdings
Estatus retirado Estado de pérdida Estado de daño No para préstamo Biblioteca de origen Biblioteca actual Ubicación en estantería Fecha de adquisición Fuente de adquisición Total de préstamos Signatura topográfica completa Código de barras Visto por última vez Precio de reemplazo Tipo de ítem Koha
        Biblioteca del Ateneo de Madrid Biblioteca del Ateneo de Madrid Depósito 2 17/01/2008     L-21513 1014540 23/02/2023 23/02/2023 Libro impreso